00567nam a22001817a 450000500170000000800410001702000180005804000210007604100080009708200160010510000260012124500990014725000120024626000340025830000100029265000530030270000300035520260317092700.0260317b |||||||| |||| 00| 0 eng d a9788198983473 aIN-DiNCcIN-DiNC dasm a371.26bSAI aSaikia, Taruneauthor aManubaigyanik pariksha aru byabaharik shiksha (Major14)/cby Tarun Saikia and Runu Bora Saikia a1st ed. aJorhat:bBidya bhawan,c2025. a359p. aPsychological assessment and practical (Major14) aSaikia, Runu Boraeauthor